000 01781nam a22003377i 4500
003 EG-ScBUE
005 20260401105719.0
008 110913s1993 xxxa frbd 00|00 ara dd
040 _aEG-ScBUE
_bara
_erda
_cEG-ScBUE
_dEG-ScBUE
041 1 _aara
_heng
082 0 4 _a551.51
_bب ي ر
_222
100 1 _aبيري، ص. ز.،
_eمؤلف.
240 1 0 _aAtmosphere, weather, and climate.
_lEnglish
245 1 2 _aالغلاف الجوي والطقس والمناخ /
_cتأليف ص. ز. بيري، ص. ي. شورلي ؛ ترجمة أ. د. عبد القادر عبد العزيز علي، أستاذ الجغرافيا الطبيعية والخرائط، ووكيل كلية الآداب (جامعة طنطا) ؛ مراجعة أ. د. يوسف عبد المجيد فايد، أستاذة الجغرافية الطبيعية (بجامعة القاهرة)
264 1 _a[مكان النشر غير محدد] :
_bالمجلس الأعلى للثقافة،
_c[1993]
300 _a571 صفحة :
_bإيضاحيات ؛
_c30 سم
336 _2rdacontent
_aنص
_btxt
337 _aبدون وسيط
_2rdamedia
_bn
338 _aمجلد
_bnc
_2rdacarrier
500 _aيشتمل على معجم.
504 _aيشتمل على إرجاعات ببليوجرافية.
546 _aالنص باللغة الإنجليزية ؛ وقد تم ترجمته إلى العربية.
650 7 _921319
_aالغلاف الجوي.
_2BUEsh
650 7 _921318
_aالأوزون.
_2BUEsh
650 7 _927152
_aالظواهر الجوية
_xعلم.
_2BUEsh
655 _vReading book
700 1 _aشورلي، ص. ي.،
_eمؤلف.
700 1 _aفايد، يوسف عبد المجيد،
_eمراجع.
700 1 _aعلي، عبد القادر عبد العزيز،
_eمترجم.
942 _2ddc
_cBB
999 _c16011
_d16011